Ricostruisci la Carriera del Calciatore - Cyril Théréau - Statistics

Statistiche generali
  • Questo quiz è stato fatto 8 volte
  • Il punteggio medio è 4 su 11
Statistiche sulle risposte
Hint Risposta % Corretto
2006 Charleroi
60%
2010-2014 Chievo
60%
2017-2019 Fiorentina
60%
2007-2008 Anderlecht
40%
2004-2006 Angers
40%
2003-2004 Orléans
40%
2014-2017 Udinese
40%
2019 Cagliari
20%
2019-2020 Fiorentina
20%
2006-2007 Steaua Bucarest
20%
2008-2010 Charleroi
0%
Nessun quiz corrispondente trovato
Distribuzione punteggi
Percentuale di utenti per punteggio
Percentile per numero di risposta
I tuoi punteggi nel tempo
Non hai fatto questo quiz